000 01365nam a22003494a 4500
001 ebr2001162
003 CaPaEBR
006 m u
007 cr cn|||||||||
008 000228s2000 vau sb 001 0 eng
010 _z 00027698
020 _z0745316204 (hbk.)
040 _aCaPaEBR
_cCaPaEBR
035 _a(OCoLC)70720789
050 1 4 _aDS119.7
_b.M31395 2000eb
082 0 4 _a956.04
_221
100 1 _aMasalha, Nur,
_d1957-
245 1 0 _aImperial Israel and the Palestinians
_h[electronic resource] :
_bthe politics of expansion /
_cNur Masalha.
260 _aSterling, VA :
_bPluto Press,
_c2000.
300 _avii, 279 p.
504 _aIncludes bibliographical references (p. 260-268) and index.
533 _aElectronic reproduction.
_bPalo Alto, Calif. :
_cebrary,
_d2013.
_nAvailable via World Wide Web.
_nAccess may be limited to ebrary affiliated libraries.
650 0 _aArab-Israeli conflict
_y1973-1993.
650 0 _aArab-Israeli conflict
_y1993-
650 0 _aZionism
_zIsrael.
650 0 _aIsrael-Arab War, 1967
_xOccupied territories.
651 0 _aIsrael
_xPolitics and government.
651 0 _aIsrael
_xBoundaries.
655 7 _aElectronic books.
_2local
710 2 _aebrary, Inc.
856 4 0 _uhttp://site.ebrary.com/lib/rucke/Doc?id=2001162
_zAn electronic book accessible through the World Wide Web; click to view
999 _c127502
_d127502